Ładuje się......

الضرب على الآلة الكاتبة بطريقة اللمس بدون معلم /

Opis bibliograficzny
1. autor: لجنة من الاساتذة الاختصاصيين
Format: Printed Book
Wydane: 1984.
LEADER 00579nam a2200133Ia 4500
008 150527150527b xxu||||| |||| 00| 0 ara d
100 |a لجنة من الاساتذة الاختصاصيين 
245 |c by لجنة من الاساتذة الاختصاصيين  |a الضرب على الآلة الكاتبة بطريقة اللمس بدون معلم / 
260 |c 1984. 
300 |a 130 p. 
500 |a shelf No. 17 
942 |c BK 
999 |c 174150  |d 174150 
952 |0 0  |1 0  |4 0  |6 652_300000000000000  |7 0  |9 192861  |a ARA  |b ARA  |c ST1  |d 2015-05-27  |i 4910  |l 0  |o 652.3  |p ARA004910  |r 2015-05-27  |w 2018-08-23  |y BK